Rytíři noci. Kniha první, Rytíři kříže /

Hlavní autor: Komárek, Martin, 1961-
Jazyk: Čeština
Vydáno: [Praha] : Wales :Classic, [2002]
Témata:
Fyzický popis: 215 stran ; 20 cm
Knihy
Uloženo v:
LEADER 01191nam a2200349 i 4500
001 001709383
003 CZ BrMZK
005 20191203111417.0
007 ta
008 190930t20022002xr g 000 f cze
015 |a cnb000891855 
020 |a 80-86390-62-4  |q (Wales ;  |q v knize neuvedeno ;  |q vázáno)  |z 80-86390-23-3 
035 |a (OCoLC)51192231 
040 |a ULG001  |b cze  |d ABA001  |d BOA001  |e rda 
072 7 |a 821.162.3-3  |x Česká próza  |2 Konspekt  |9 25 
080 |a 821.162.3-31  |2 MRF 
080 |a (0:82-312.9)  |2 MRF 
100 1 |a Komárek, Martin,  |d 1961-  |7 jn19981228090  |4 aut 
245 1 0 |a Rytíři noci.  |n Kniha první,  |p Rytíři kříže /  |c Martin Komárek 
246 3 0 |a Rytíři kříže 
264 1 |a [Praha] :  |b Wales :  |b Classic,  |c [2002] 
264 4 |c ©2002 
300 |a 215 stran ;  |c 20 cm 
336 |a text  |b txt  |2 rdacontent 
337 |a bez média  |b n  |2 rdamedia 
338 |a svazek  |b nc  |2 rdacarrier 
655 7 |a české romány  |7 fd133974  |2 czenas 
655 7 |a fantasy romány  |7 fd184199  |2 czenas 
910 |a BOA001  |b 1-1433.502,1 
990 |a BK 
991 |b 201912 
996 6 |b 2610797124  |c 1-1433.502,1  |l MZK  |r Sklad / do 1 hodiny  |n 0  |p kupd  |w 001757728  |u 000010  |a 1  |e BOA001  |j MZK50  |s P